[Event "Bazna Kings 4th"]
[Site "Medias"]
[Date "2010.06.16"]
[Round "3"]
[White "Ponomariov, Ruslan"]
[Black "Radjabov, Teimour"]
[Result "0-1"]
[WhiteElo "2733"]
[BlackElo "2740"]
[Annotator "Rogozenco,D"]
[PlyCount "96"]
[EventDate "2010.06.14"]
[EventType "tourn"]
[EventRounds "10"]
[EventCountry "ROU"]
[EventCategory "20"]
[SourceTitle "CBM 137"]
[Source "ChessBase"]
[SourceDate "2010.07.15"]
[SourceVersion "1"]
[SourceVersionDate "2010.07.15"]
[SourceQuality "1"]

1. d4 Nf6 2. c4 g6 3. Nc3 Bg7 4. e4 d6 5. f3 {Surprise! Ponomariov played many
different systems against King's Indian Defence, but he never played the
Samisch Variation. Apart from its surprising effect, Ponomariov must have
taken into consideration the fact that in spite of his vast experience with
the KID Radjabov faced the Samisch only few times.} O-O 6. Nge2 e5 7. Bg5 $1 {
As pointed out by Ponomariov, after Black's previous move this is the most
precise reaction. White is trying to provoke h7-h6 in order to win time later
on.} c6 8. Qd2 Nbd7 9. d5 h6 {Although taking on h6 is not convenient for
White now, sooner or later Black will have to protect the h6-pawn anyway.} 10.
Be3 (10. Bxh6 {is answered with} Nxe4 11. Nxe4 Qh4+ {and Black achieves a
favourable exchange of pieces.}) 10... cxd5 11. cxd5 a6 12. Nc1 b5 (12... Nh5
$5) 13. Be2 Nb6 14. O-O {Now the pawn h6 is hanging and Black must waste a
tempo to protect it.} Kh7 15. b4 {White is better. His bishops are well places
and he is ready for queenside activity, while Black didn't even start yet his
counterplay on the kingside.} Nh5 16. a4 {Now in all cases Black will remain
with pawn weaknesses on the queenside.} ({After the game Radjabov said that
also strong for White is to bring the knight to a5 by playing} 16. Nb3) 16...
Nc4 (16... Nxa4 17. Nxa4 bxa4 18. Rxa4 f5 19. b5 {is clearly better for White.}
) 17. Bxc4 bxc4 18. N1e2 f5 19. exf5 ({After the direct} 19. Qa2 {Black gets a
typical KID attack:} f4 20. Bf2 g5 21. h3 Nf6 22. Qxc4 h5 {with compensation
for the pawn.}) 19... gxf5 {The first critical position.} 20. f4 {This
standard move is double-edged.} ({After} 20. Qa2 {Black probably must give up
a pawn and try to get some counterplay, although his compensation is hardly
sufficient. If Black is trying to protect it with} Qc7 {then after} 21. b5 {
White's chances are clearly preferable.}) 20... Bd7 21. Rab1 Re8 22. Kh1 Rb8
23. Rf3 (23. b5 $5) 23... Nf6 $1 24. h3 Nh5 25. Bg1 e4 {The second critical
moment.} 26. Re3 $2 ({White should have played} 26. Rff1 Bxc3 {Of course Black
is not forced to take the pawn, but then the retreat of the rook to f1 is
clearly preferable than the game.} 27. Qxc3 (27. Nxc3 $2 Ng3+) 27... Bxa4 28.
Ra1 Bb5 29. Bd4 {and a strong dark-squared bishop secures White compensation
for the pawn.}) 26... Qh4 $1 {Now all White pieces are misplaced and things
are suddenly becoming really bad for him.} 27. Bh2 Rg8 28. Qd1 Rb7 ({Radjabov
saw} 28... Bxc3 {but he believed that Ponomariov calculated it and White must
have a defence. In the upcoming time-trouble Teimour decided to believe his
opponent and simply play something else. In fact Black gets a decisive
advantage:} 29. Rxc3 (29. Nxc3 Nxf4) 29... Qf2 30. Qf1 Qxf1+ 31. Rxf1 Rxb4) 29.
Qf1 Rgb8 30. g3 Qd8 31. b5 axb5 32. axb5 Nf6 (32... Bxb5 33. g4 Nf6 {is a
transposition to the game.}) 33. g4 Bxb5 34. Qg2 ({Also after} 34. gxf5 Bd7 35.
Rxb7 Rxb7 {Black is clearly better.}) 34... Bd7 35. Rg1 fxg4 36. hxg4 Nxg4 37.
Rg3 Qh4 (37... h5 {is another way to win.}) 38. Rxg4 Bxg4 39. Qxg4 Qxg4 40.
Rxg4 Rb2 {The time-trouble is over and White is helpless against the activity
of black pieces.} 41. f5 R8b3 42. f6 (42. Nxe4 $2 Rxe2) ({Radjabov mentioned
that White's best practical chance was} 42. Rxg7+ Kxg7 43. Bxd6 {although
Black should be winning here too after}) 42... Bxf6 43. Nxe4 Bh8 44. N4g3 ({
Also after} 44. N2g3 Be5 {White is completely paralyzed.}) 44... c3 45. Rc4 Be5
46. Nc1 Rb1 47. Nge2 R3b2 48. Bg1 Rc2 0-1

[Event "Bazna Kings 4th"]
[Site "Medias"]
[Date "2010.06.20"]
[Round "6"]
[White "Ponomariov, Ruslan"]
[Black "Carlsen, Magnus"]
[Result "0-1"]
[WhiteElo "2733"]
[BlackElo "2813"]
[Annotator "Rogozenco,D"]
[PlyCount "100"]
[EventDate "2010.06.14"]
[EventType "tourn"]
[EventRounds "10"]
[EventCountry "ROU"]
[EventCategory "20"]
[SourceTitle "CBM 137"]
[Source "ChessBase"]
[SourceDate "2010.07.15"]
[SourceVersion "1"]
[SourceVersionDate "2010.07.15"]
[SourceQuality "1"]

1. d4 Nf6 2. c4 g6 3. Nc3 Bg7 4. e4 d6 5. f3 {Ruslan had no reasons to avoid
the Samisch Variation.} O-O 6. Nge2 Nbd7 ({In the third round against
Ponomariov Radjabov played} 6... e5 {but failed to equalize.}) 7. Be3 c5 8. d5
Ne5 9. Ng3 h5 10. Be2 h4 11. Nf1 e6 12. Nd2 exd5 13. cxd5 Bd7 14. O-O b5 {
Otherwise it is not easy for Black to get counterplay. However, after this
pawn sac Black does not get sufficient compensation.} 15. Nxb5 Bxb5 16. Bxb5
Rb8 17. a4 Nh5 ({After} 17... a6 18. Bxa6 Rxb2 19. Rb1 {White exchanges
Black's most active piece and remains with a a healthy extra pawn.}) 18. f4 $1
Nd7 19. Qg4 a6 {The first critical moment of the game.} 20. Bxa6 ({The
simplest practical solution was} 20. Bxd7 Nf6 21. Qxh4 Qxd7 22. f5 Rxb2 23. Bg5
{with large advantage for White.}) ({Also good is} 20. Bc6) 20... Rxb2 21. Rab1
Rxd2 $1 {Magnus felt that this exchange sac is Black's only chance to
complicate matters.} 22. Bxd2 Bd4+ {The second critical position.} 23. Rf2 $2 {
This is actually just a blunder.} ({After} 23. Kh1 {Black has many tricks, but
White is able to defend and keep the advantage. Few variations are:} Ndf6 24.
Qf3 {It is also possible to take the pawn.} (24. Qxh4 Nxe4 25. Be1 $1 {and
White is better. If} Kg7 {then} 26. g4) 24... Ng3+ ({doesn't work:} 24... Nxe4
25. Qxe4 Ng3+ 26. hxg3 hxg3 27. f5 $18) 25. hxg3 hxg3 26. Be1 Nxe4 27. Bxg3
Nxg3+ 28. Qxg3 Kg7 29. Rf2 $1 {and although Black still keeps the initiative,
it is hardly sufficient to compensate for the missing material.}) 23... Bxf2+
24. Kxf2 Ndf6 25. Qf3 Qe8 $1 {As Ponomariov admitted after the game, he missed
this double attack. Black wins back the pawn and remains with a better
position.} 26. e5 Qxa4 27. exf6 Qxa6 28. Bc3 Qc8 ({Black had a tactical
solution to win White's weak pawns:} 28... Qc4 29. f5 Nxf6 $1 30. Kg1 (30. Bxf6
{runs into} Qc2+) 30... Ne4 {and White is in troubles.}) 29. Kg1 ({The last
chance for White was} 29. f5 $1 Qxf5 30. Qxf5 gxf5 31. Rb6 Rd8 32. Kf3 Rd7 33.
Rb8+ Kh7 34. g4 hxg3 35. hxg3 {and the activity of white pieces would have
secured good chances to escape with a draw.}) 29... Qf5 30. Rf1 Re8 31. Ba1 Ra8
32. Qe3 Kh7 33. Bb2 Rb8 34. Bc1 Rb1 {After Black activated the rook he is
winning.} 35. Qe8 Qxd5 36. f5 gxf5 37. Qe3 Qd4 38. Qxd4 cxd4 39. Bg5 Rxf1+ 40.
Kxf1 h3 $1 41. gxh3 (41. g3 Kg6 {changes nothing, of course.}) 41... Kg6 42.
Bh4 Nf4 43. Bg3 Kg5 44. Bf2 Ne6 45. Ke2 f4 46. Kf3 d3 47. h4+ Kf5 48. Bb6 Nc5
49. h5 d2 50. Ke2 Ne4 0-1

[Event "Tata Steel-A 73rd"]
[Site "Wijk aan Zee"]
[Date "2011.01.26"]
[Round "10"]
[White "Ponomariov, Ruslan"]
[Black "Grischuk, Alexander"]
[Result "1-0"]
[WhiteElo "2744"]
[BlackElo "2773"]
[Annotator "Krasenkow,M"]
[PlyCount "85"]
[EventDate "2011.01.14"]
[EventType "tourn"]
[EventRounds "13"]
[EventCountry "NED"]
[EventCategory "20"]
[SourceTitle "CBM 141"]
[Source "ChessBase"]
[SourceDate "2011.03.17"]
[SourceVersion "1"]
[SourceVersionDate "2011.03.17"]
[SourceQuality "1"]

1. d4 Nf6 2. c4 g6 3. Nc3 Bg7 4. e4 d6 5. f3 O-O 6. Nge2 c5 7. Be3 Nc6 8. d5
Ne5 9. Ng3 h5 10. Be2 h4 11. Nf1 e6 12. Nd2 exd5 13. cxd5 {For this line - see
Ponomariov - Carlsen in CBM 137 (annotations by GM D.Rogozenco).} a6 (13... Bd7
14. O-O b5 15. Nxb5 Bxb5 16. Bxb5 Rb8 17. a4 Nh5 18. f4 $1 Nd7 19. Qg4 $16 {
0-1 Ponomariov,R (2733)-Carlsen,M (2813)/Medias 2010/CBM 137/[Rogozenco] (50)})
(13... h3 14. g3 Bd7 15. a4 a6 16. a5 b5 17. axb6 Qxb6 18. Ra2 a5 19. g4 Bc8
20. g5 Ne8 21. f4 Nd7 22. f5 Bd4 23. Nc4 $16 {1-0 Volke,K (2478)-Laurent,B 
(2400)/Fuegen 2006/CBM 115 (53)}) (13... Nh7 $5 14. f4 Nd7 15. O-O Re8 16. h3
f5 17. Bf2 fxe4 18. Ndxe4 Nb6 19. Bd3 Rf8 20. Be3 Bf5 21. Qd2 Kh8 22. Rae1 Bxe4
23. Bxe4 Nc4 24. Qf2 Nxe3 {1/2 Razuvaev,Y (2575)-Khalifman,A (2625)/Germany
1992/GER-chT}) 14. a4 Bd7 (14... Rb8 15. O-O Bd7 (15... Qe8 16. a5 Bd7 17. h3
Nh7 18. f4 Bh6 19. Qe1 Qd8 20. Nd1 {1-0 Edouard,R (2617)-Lanzani,M (2371)/
Rijeka 2010/CBM 136}) 16. Bg5 c4 17. Bxh4 b5 18. axb5 axb5 19. b4 $14 {1-0
Bischoff,K (2510)-Meyer,P (2365)/Biel 1992/CBM 031 ext (56)}) (14... Nh7 15. f4
Nd7 16. O-O Re8 17. Bd3 Nhf6 18. Qf3 Nb6 {1/2 Ozolin,M (2387)-Belous,V (2312)/
Moscow 2008/CBM 122 Extra (45)} 19. f5 gxf5 20. Bg5 $36) 15. a5 $5 $146 {
[%mdl 8] Otherwise Black successfully pushes ...b7-b5.} (15. Bg5 h3 16. g3 {
0-1 Estremera Panos,S (2330)-Miguel Lago,V (2280)/Pontevedra 1992/TD (34)} b5
$1 $132) (15. O-O b5 (15... Qc8 16. Qc2 Nh5 17. Rfe1 f5 18. exf5 Bxf5 19. Nde4
Qd7 20. Rf1 Rae8 21. Qd2 c4 22. Kh1 Rf7 23. a5 Nf6 $132 {0-1 Peregudov,N (2470)
-Shulman,Y (2425)/St Petersburg 1994/EXT 1998 (68)}) 16. axb5 (16. h3 $5 c4 17.
Qe1 Rc8 $1 18. Qxh4 b4 19. Nd1 $44 {R.Knaak}) 16... axb5 17. Rxa8 Qxa8 18. Bxb5
(18. h3 b4 19. Ncb1 Bc8 $132 {[%cal Yc8a6]}) (18. Nxb5 Bxb5 19. Bxb5 Rb8 $13)
18... Bxb5 19. Nxb5 Qa6 20. Nc3 Rb8 21. Qc2 Nh5 (21... Nd3 $5 22. Nd1 {1-0
Abegg,B-Alford,J/ICCF Email 2000 (33)} Nd7 $44) 22. b3 Rb4 $44 23. Na2 $4 {
1-0 Psakhis,L (2575)-Piket,M (2350)/Amsterdam 1990/CBM 020/[Knaak] (41)} Qe2 $1
$19) 15... b5 16. axb6 Qxb6 17. Ra2 $14 {White will now prepare f3-f4 etc.
pushing Black's pieces back.} Qb4 18. O-O Bb5 19. Kh1 $6 (19. f4 $142) 19...
Rfb8 (19... Rfe8 $5) 20. f4 Nc4 21. Bxc4 Bxc4 22. Ra4 $1 Bxf1 23. Rxb4 cxb4 24.
Na4 Bd3 25. Nb6 Rxb6 (25... Ra7 26. e5 $1) 26. Bxb6 {White has won a queen for
a rook and a bishop but this should not be enough to win when the opponent's
pieces are active.} Bxe4 (26... Rc8 $5 $44 {[%cal Yc8c2]}) 27. Nxe4 Nxe4 28.
Qe1 f5 29. Qxb4 Rc8 30. Bc7 Re8 $2 {After this passive move White gradually
converts his material advantage.} (30... Bd4 $1 31. Qxd4 Rxc7 {with a probable
draw.}) 31. Kg1 Kh7 32. Kf1 Rc8 ({The bishop endgame after} 32... Nc5 $5 33.
Bxd6 Nd3 34. Qd2 Re1+ 35. Qxe1 Nxe1 36. Kxe1 {should be winning for White, e.g.
} Kg8 (36... Bxb2 $2 37. Bc7 {[%cal Yd5d6,Yd6d7,Yd7d8]}) 37. Be5 Bf8 38. Bf6
Bd6 39. Bg5 Kf7 40. Ke2 Ke8 41. Kf3 {etc.}) 33. Qb7 Re8 34. Ba5 Kh6 35. Be1 h3
36. gxh3 Nc5 37. Qc6 Re3 38. Bf2 Rf3 39. Kg2 Rxf2+ 40. Kxf2 Bxb2 41. Kf3 Ne4
42. Qxa6 Bf6 43. Qb7 {White's king now triumphally marches to f7.} 1-0

[Event "EU-ch 12th"]
[Site "Aix les Bains"]
[Date "2011.03.28"]
[Round "7"]
[White "Moiseenko, Alexander"]
[Black "Saric, Ivan"]
[Result "1-0"]
[WhiteElo "2673"]
[BlackElo "2626"]
[Annotator "Krasenkow,M"]
[PlyCount "127"]
[EventDate "2011.03.22"]
[EventType "swiss"]
[EventRounds "11"]
[EventCountry "FRA"]
[SourceTitle "CBM 142 Extra"]
[Source "ChessBase"]
[SourceDate "2011.06.27"]
[SourceVersion "1"]
[SourceVersionDate "2011.06.27"]
[SourceQuality "1"]

1. d4 Nf6 2. c4 g6 3. Nc3 Bg7 4. e4 d6 5. f3 O-O 6. Nge2 c5 7. Be3 Qa5 8. Nc1 {
This continuation has recently gained popularity.} (8. Qd2 {is the main move.})
8... cxd4 (8... Qc7 9. d5 e6 10. Be2 exd5 11. cxd5 b6 12. O-O Ba6 13. Nd3 Nbd7
14. a4 Qb7 15. Qd2 Rfc8 16. Rad1 $14 {Kamsky-A.Ivanov, USA-ch 1991}) (8... Nbd7
9. Nb3 Qc7 10. d5 a6 11. Be2 b5 12. cxb5 axb5 13. Nxb5 Qb6 14. O-O Ba6 15. a4
Rfb8 16. Nd2 $16 {1-0 Vovk,Y (2567)-De Vos,N (2205)/Vlissingen 2009/CBM 131
Extra (54)}) (8... Nc6 9. Nb3 Qc7 10. d5 Ne5 11. Be2 a6 12. a4 e6 13. O-O exd5
14. cxd5 Rb8 15. Nd2 Bd7 16. h3 b5 17. f4 Nc4 18. Bxc4 bxc4 19. Nxc4 Rb4 20.
Qe2 Re8 21. e5 $16 {0-1 Graf,A (2598)-Burg,T (2449)/Deizisau 2010/CBM 135
Extra (35)}) 9. Nb3 (9. Bxd4 $6 Nc6 10. Nb3 Qd8 11. Be3 Be6 12. Rc1 Ne5 (12...
Rc8 $5) 13. Nd5 Bxd5 14. cxd5 e6 15. dxe6 fxe6 16. Be2 {[#]} (16. Nd4 Nxe4 $1
17. fxe4 Qh4+ 18. Kd2 Ng4 $44) 16... Nxe4 $1 17. fxe4 Qh4+ 18. Kd2 Qxe4 $40 {
1/2 Bischoff,K (2561)-Stellwagen,D (2489)/Pulvermuehle 2004/CBM 100/[Hazai] 
(25)}) 9... Qc7 {Hardly the best retreat.} (9... Qd8 10. Nxd4 Nc6 {transposes
to the Sicilian Maroczy}) (9... Qb6 10. Bxd4 Qd8 11. Be2 Nc6 12. Be3 a5 13. Na4
Be6 14. O-O Nd7 15. Rc1 b6 16. Nd4 Nxd4 17. Bxd4 Bxd4+ 18. Qxd4 Qc7 19. f4 $14
{1-0 Khairullin,I (2620)-Kokarev,D (2629)/Irkutsk 2010/CBM 138 (51)}) (9... Qe5
$5 10. Bxd4 (10. Nxd4 Nc6) 10... Qg5 11. Qc1 Qxc1+ 12. Rxc1 Nc6 13. Be3 b6 14.
Be2 Nd7 15. Kf2 Nc5 16. Rhd1 Ne6 17. f4 Bb7 18. Bf3 Rfc8 19. Rd2 Nc5 20. Nxc5
bxc5 21. e5 dxe5 22. fxe5 Rab8 23. Na4 Nxe5 24. Nxc5 Bxf3 25. gxf3 Rb6 $13 {
0-1 Graf,A (2613)-Zude,E (2426)/Bastia 2005/EXT 2006 (45)}) (9... Qh5 $5 10.
Nxd4 Nc6 11. Be2 (11. Nc2 Be6 12. Rc1 Nd7 13. Qd2 {1-0 Postny,E (2571)-Voigt,R
(2384)/Germany 2006/CBM 112 (49)} Qa5 $132 {[%cal Rd7e5]}) (11. Nb3 Be6 12. Be2
Qh4+ 13. Bf2 Qg5 14. g3 Nd7 (14... Bh3 $5) 15. Rc1 {1-0 Graf,A (2610)-Ohme,M 
(2194)/Leipzig 2007/EXT 2008 (52)} Bh3 $132) (11. Nde2 Qa5 12. Qd2 {1-0 Lenic,
L (2574)-Schiendorfer,E (2274)/Rogaska Slatina 2009/CBM 130 Extra (28)} Nd7
$132 {[%cal Yd7c5,Yf7f5]}) (11. Qd2 $5 Nxd4 12. Bxd4 Be6 13. Be2 Rfc8 (13...
Qa5 {again leads to the Maroczy}) 14. b3 Nd7 15. Bxg7 Kxg7 16. O-O {[%cal
Yf3f4]}) 11... Qh4+ 12. g3 Qh3 13. Qd2 Nxd4 14. Bxd4 Bh6 15. Be3 Bxe3 16. Qxe3
Be6 17. Nd1 Rfc8 18. b3 Qh5 19. O-O a6 20. Nf2 b5 $132 {1/2 Mecking,H (2565)
-Matamoros Franco,C (2534)/Ayamonte 2006/EXT 2007 (56)}) 10. Nxd4 Nc6 11. Nb3 {
This move is dubious in the Maroczy (with Black's queen on d8); it is rather
inappropriate here, too.} (11. Be2 Nxd4 (11... a6 12. Rc1 Nxd4 13. Bxd4 Be6 14.
b3 Nd7 15. Bxg7 Kxg7 16. O-O Qa5 17. f4 $14 f5 $6 (17... f6) 18. exf5 Qxf5 19.
Qd2 Rac8 20. Kh1 $16 {1-0 Dreev,A (2674)-Hughes,T (2267)/Richardson 2010/CBM
139 Extra (23)}) 12. Bxd4 Be6 13. Nb5 Qc6 14. b3 a6 15. Nc3 Rfc8 16. O-O Rab8
17. Qd2 Nd7 18. Bxg7 Kxg7 19. f4 $14 {1/2 Bognar,C (2216)-Gladyszev,O (2388)/
Budapest 1999/EXT 2000 (42)}) (11. Rc1 $5 Nxd4 12. Bxd4 Be6 13. Qd2 Rfc8 14.
Be2 a5 15. Nb5 $14 {1-0 Meister,P (2410)-Panzer,P (2345)/Germany 1991/GER-chT 
(83)}) 11... a5 12. a4 Nd7 13. Rc1 b6 14. Nb5 Qb7 15. N3d4 Nc5 16. Be2 Bd7 17.
b3 Nxd4 18. Nxd4 f5 $6 (18... e6 $1 19. O-O d5 $11) 19. exf5 gxf5 20. O-O f4
21. Bf2 Rf6 $6 {The rook goes to h6, where it has nothing to do.} (21... Bxd4
$5 22. Bxd4 Bf5 {[%cal Ya8d8,Ye7e5]}) 22. Bd3 $1 Raf8 (22... Nxd3 23. Qxd3 Rg6
24. Kh1 {- Black's position is much less solid without his strong knight.}) 23.
Re1 Bc8 24. Nb5 Rh6 25. Bc2 Rh5 $6 (25... Be5 $142) 26. Bxc5 $1 bxc5 27. Be4 $6
(27. Qd2 $1 Be5 28. Qxa5 $16) 27... Qd7 28. Bd5+ Kh8 29. Be6 Qb7 $13 30. Bd5
Qb6 $2 {A strange decision. It is unclear what Black suddenly became afraid of
in the event of} (30... Qd7) 31. Rxe7 Qd8 32. Bf7 $2 (32. Qe1 $1 Be5 33. Ra7
Qg5 34. Rd1 Bf5 (34... Qh6 35. Be4) 35. Bf7 Rh6 36. Rd2 $16) 32... Rh6 $6 (
32... Qxe7 33. Bxh5 Qe3+ 34. Kh1 Bf5 $44 {[%cal Rg7b2]}) 33. Qe2 (33. Qe1 $5
Be5 34. Ra7) 33... Be5 34. Rxe5 dxe5 35. Qxe5+ Qf6 36. Qxf6+ Rxf6 37. Bd5 {
This position is good for Black but he plays poorly and gets outplayed.} Bf5
38. g4 fxg3 39. hxg3 Re8 40. Kf2 Bd3 (40... Kg7 $142 $11) 41. g4 Re2+ (41...
Kg7 42. Kg3 Bg6 $11) 42. Kg3 h6 $6 (42... Bg6 43. Rc3 Re1 $1 {preventing} 44.
f4 {in view of} Rg1+) 43. Rc3 Rd2 $6 (43... Bc2 44. f4 Rd2 45. Nc7 Rb6 $1) 44.
Nc7 {[%cal Rc7e6]} Bf1 (44... Bg6 45. Re3 $16) 45. f4 Rd3+ (45... Rb6 46. f5
Rb2 47. Ne6 R6xb3 48. Rxb3 Rxb3+ 49. Kf2 {[%csl Rf1]} Bd3 50. Nxc5 Ra3 51. f6
Bg6 52. Nd7 Rxa4 53. Ne5 Kh7 54. Ke3 $16) 46. Rxd3 Bxd3 {[%mdl 4096]} 47. Ne6
Rxe6 $1 {Otherwise after Ne6xc5 White's position will be winning.} 48. Bxe6 Bc2
49. Bd7 (49. Kf3 Bxb3 50. Ke4 Bxa4 51. Kd5 Kg7 52. Kxc5 Bd1 53. Kb5 Kf6 54. Bc8
Be2 $1 $11) 49... Kg7 50. Bb5 (50. g5 Bxb3 51. Bb5 Bc2 {- see annotation to
move 51}) 50... Kf6 ({Why not} 50... Bxb3 {?}) 51. Kh4 Bd1 {Black subsequently
underestimates the importance of the b3-pawn and finally gets spectacularly
punished.} (51... Bxb3 $142 52. g5+ (52. Kh5 Bd1) 52... Kg7 $1 (52... hxg5+ $2
53. fxg5+ Kg7 54. Kg4 $18) 53. Kg3 (53. f5 hxg5+ 54. Kxg5 Bc2 $1) 53... Bc2 54.
Kf3 Kg6 55. Be8+ Kg7 {, and Black apparently holds on.}) 52. Kh5 Kg7 53. f5 Kf6
$2 {An imperceptible but probably decisive mistake! It was essential to keep
protecting the h6-pawn not allowing the white bishop to d5 or e4.} (53... Bxb3
$2 {is too late due to} 54. f6+ Kxf6 55. Kxh6 $18) (53... Bf3 $1 54. Bd7 Bd1
55. f6+ (55. b4 cxb4 56. c5 b3 57. c6 b2 58. c7 b1=Q 59. c8=Q Bxg4+ 60. Kxg4
Qe4+ $11) 55... Kxf6 56. Kxh6 Ke7 57. Bf5 Bxb3 58. g5 Bxc4 {, and Black should
survive.}) 54. Bc6 $1 Be2 (54... Kg7 55. Bd5 Kf6 (55... Bxb3 56. f6+ $1 Kxf6
57. Kxh6 $18) 56. b4 $1 cxb4 57. c5 b3 58. c6 b2 59. Ba2 Bxa4 60. c7 Bd7 61.
Kxh6 $18) 55. Be4 Bd1 56. b4 $1 {See annotation to move 51!} axb4 (56... cxb4
57. c5 Bxa4 58. Kxh6 $18) 57. a5 b3 58. a6 Bc2 59. Bd5 b2 60. a7 Bxf5 (60...
b1=Q 61. a8=Q $18) 61. a8=Q Bxg4+ 62. Kxg4 b1=Q 63. Qf8+ Ke5 64. Qf4# 1-0